| 000 | 01225cam a22002894a 4500 | ||
|---|---|---|---|
| 001 | 13673993 | ||
| 003 | NUST - PNEC | ||
| 005 | 20170116180852.0 | ||
| 008 | 040803s2005 nyua b 001 0 eng | ||
| 010 | _a 2004056544 | ||
| 020 | _a0387016724 (acidfree paper) | ||
| 040 | _cLIBRARY | ||
| 042 | _apcc | ||
| 050 | 0 | 0 |
_aQC173 _b.B277 2005 |
| 082 | 0 | 0 |
_a539.7 BAS _222 |
| 100 | 1 |
_aBasdevant, J. L. _q(Jean-Louis) |
|
| 245 | 1 | 0 |
_aFundamentals in nuclear physics : from nuclear structure to cosmology / _cJean-Louis Basdevant, James Rich, Michel Spiro. |
| 260 |
_aNew York : _bSpringer, _cc2005. |
||
| 300 |
_axiii, 515 p. : _bill. ; _c25 cm. |
||
| 504 | _aIncludes bibliographical references (p. [507]-509) and index. | ||
| 650 | 0 |
_aNuclear physics. _xME, General |
|
| 856 | 4 | 2 |
_3Publisher description _uhttp://www.loc.gov/catdir/enhancements/fy0662/2004056544-d.html |
| 856 | 4 | 1 |
_3Table of contents only _uhttp://www.loc.gov/catdir/enhancements/fy0817/2004056544-t.html |
| 906 |
_a7 _bcbc _corignew _d1 _eocip _f20 _gy-gencatlg |
||
| 942 |
_2ddc _cBK |
||
| 999 |
_c64653 _d64653 |
||